FC Barcelona 2022/2023 - Statistiken

Allgemein
  • Dieses Quiz wurde 765 mal gespielt
  • Das Durchschnittsergebnis liegt bei 18 aus 25
Antwortstatistiken
Hint Antwort % Korrekt
Deutschland Ter Stegen
98%
Polen Lewandowski
96%
Spanien Gavi
94%
Spanien Pedri
94%
Niederlande De Jong
92%
Frankreich/Mauretanien Dembele
84%
Uruguay Araujo
83%
Spanien Alba
80%
Spanien Busquets
79%
Dänemark Christensen
79%
Spanien/Guinea-Bissau Fati
77%
Frankreich/Benin Kounde
77%
Elfenbeinküste/Italien Kessie
73%
Spanien Torre
71%
Spanien Pique
70%
Brasilien/Italien Raphinha
70%
Spanien/Dominikanische Republik Balde
67%
Niederlande/Ghana Depay
67%
Spanien Torres
59%
Spanien Roberto
54%
Spanien Garcia
52%
Spanien Pena
44%
Spanien Alonso
41%
Spanien Bellerin
24%
Spanien Tenas
23%
Keine übereinstimmenden Quizze gefunden
Verteilung der Resultate
Anzahl Personen mit jedem Resultat
Perzentil nach korrekt beantworteten Fragen
Ihre Resultats-Entwicklung
Sie haben dieses Quiz noch nicht gespielt